| 000 | 01367nam a2200121Ia 4500 | ||
|---|---|---|---|
| 008 | 220620s9999||||xx |||||||||||||| ||und|| | ||
| 100 | _aBrasoveanu, Adrian||DotlaÄil, Jakub | ||
| 245 | 0 | _aComputational Cognitive Modeling and Linguistic Theory | |
| 546 | _aEnglish[eng] | ||
| 650 | _aPhilosophy of Language||Psycholinguistics||Semantics||Psycholinguistics and Cognitive Lingusitics||Linguistics||Open Access||ACT-R Based Left-corner Parser||Incremental Dynamic Predicate Logic||Cataphoric Presupposition Resolution||Cognitive Aspects of Processing Semantic Representations||Enriched Semantics||Language Interpretation Processes||Meaning Representations in Formal Semantics||Natural Language Processing||Processing Enriched Logical Forms||Processing of Lexical Semantic and Syntactic Representations||Psycholinguistics on Incremental Interpretation||Real-time Construction of Syntactic Representations||Real-time Semantic Interpretation||Semantics and Processing||Philosophy of language||Semantics, discourse analysis, stylistics | ||
| 856 | _uhttps://library.oapen.org/bitstream/20.500.12657/39529/1/2020_Book_ComputationalCognitiveModeling.pdf||https://library.oapen.org/bitstream/20.500.12657/39529/1/2020_Book_ComputationalCognitiveModeling.pdf||https://library.oapen.org/bitstream/20.500.12657/39529/1/2020_Book_ComputationalCognitiveModeling.pdf | ||
| 942 | _cEB | ||
| 999 |
_c29548 _d29548 |
||